[Event "FIDE Grand Swiss (Women)"]
[Site "Douglas"]
[Date "2023.11.02"]
[Round "8"]
[White "Danielian, Elina"]
[Black "Aulia, Medina Warda"]
[Result "0-1"]
[WhiteElo "2416"]
[BlackElo "2362"]
[PlyCount "50"]
[EventDate "2023.10.25"]
[EventType "swiss"]
[EventRounds "11"]
[EventCountry "IOM"]
[SourceTitle "Mega2024 Update 01"]
[Source "Chessbase"]
[SourceDate "2023.11.12"]
[SourceVersion "1"]
[SourceVersionDate "2023.11.12"]
[SourceQuality "1"]

1. Nf3 Nf6 2. g3 b6 3. Bg2 Bb7 4. c4 c5 5. 0-0 g6 6. Nc3 Bg7 7. d4 cxd4 8. Qxd4 0-0 9. Qh4 d6 10. Rd1 Nbd7 11. Bh6 Re8 12. Rac1 Rc8 13. b3 a6 14. Bh3 Rc5 15. g4 Bxf3 16. exf3 Ne5 17. Bg2 g5 18. Qh3 Ng6 19. Bxg7 Kxg7 20. Bf1 h5 21. Bd3 Nf4 22. Qf1 hxg4 23. fxg4 Nxg4 24. Nd5 Rh8 25. Bf5 Nxh2 0-1

[Event "FIDE Grand Swiss (Women)"]
[Site "Douglas"]
[Date "2023.11.01"]
[Round "7"]
[White "Divya, Deshmukh"]
[Black "Aulia, Medina Warda"]
[Result "0-1"]
[WhiteElo "2408"]
[BlackElo "2362"]
[PlyCount "78"]
[EventDate "2023.10.25"]
[EventType "swiss"]
[EventRounds "11"]
[EventCountry "IOM"]
[SourceTitle "Mega2024 Update 01"]
[Source "Chessbase"]
[SourceDate "2023.11.12"]
[SourceVersion "1"]
[SourceVersionDate "2023.11.12"]
[SourceQuality "1"]

1. d4 d5 2. c4 e6 3. Nc3 c5 4. cxd5 exd5 5. Nf3 Nf6 6. Bg5 Be6 7. Qa4+ Nc6 8. e3 Be7 9. Bb5 Qb6 10. 0-0 0-0 11. Bxc6 bxc6 12. Qc2 cxd4 13. Nxd4 c5 14. Bxf6 Bxf6 15. Na4 Qa5 16. Nxc5 Rfc8 17. Rfc1 Be7 18. Ndb3 Qb6 19. Qc3 Rab8 20. f4 h6 21. Qd4 Bxc5 22. Nxc5 Qxb2 23. Qd3 Rb6 24. Qd1 Rbc6 25. Nd3 Qa3 26. Rxc6 Rxc6 27. Rb1 Bf5 28. Rb3 Qa5 29. Nb4 Rd6 30. Qd4 Be4 31. h3 Rg6 32. Rb2 Qc7 33. Kh2 Qc4 34. f5 Rf6 35. Qxa7 Rxf5 36. Qb8+ Kh7 37. Qg3 Qc3 38. Rb3 Qf6 39. Ra3 Rg5 0-1

[Event "FIDE Grand Swiss (Women)"]
[Site "Douglas"]
[Date "2023.10.27"]
[Round "3"]
[White "Injac, Teodora"]
[Black "Aulia, Medina Warda"]
[Result "1-0"]
[WhiteElo "2426"]
[BlackElo "2362"]
[PlyCount "91"]
[EventDate "2023.10.25"]
[EventType "swiss"]
[EventRounds "11"]
[EventCountry "IOM"]
[SourceTitle "Mega2024 Update 01"]
[Source "Chessbase"]
[SourceDate "2023.11.12"]
[SourceVersion "1"]
[SourceVersionDate "2023.11.12"]
[SourceQuality "1"]

1. d4 d5 2. c4 e6 3. Nf3 Nf6 4. g3 Be7 5. Bg2 0-0 6. Nc3 dxc4 7. Ne5 Qd6 8. 0-0 Qa6 9. a4 Rd8 10. Nb5 Ne8 11. Qc2 Nd7 12. Qxc4 Nxe5 13. dxe5 Bd7 14. Be3 Bc6 15. Rfc1 Bxg2 16. Kxg2 c6 17. Nd6 Qxc4 18. Nxc4 Nc7 19. h4 h6 20. a5 Na6 21. Rd1 Rd5 22. Nd6 Rxe5 23. Nxb7 Rb5 24. Rd7 Bf6 25. Rc1 Rxb2 26. Nd6 c5 27. Ne4 Bd8 28. Nxc5 Nxc5 29. Rxc5 a6 30. Rd2 Rb5 31. Rxb5 axb5 32. a6 Ba5 33. Rd6 b4 34. a7 b3 35. Rd7 b2 36. Rb7 Bc3 37. Kf3 Kh7 38. Ke4 Rd8 39. f4 f5+ 40. Kf3 h5 41. Rb8 Kg6 42. Kg2 Bf6 43. Rxd8 Bxd8 44. a8Q b1Q 45. Qxd8 Qe1 46. Qg5+ 1-0

[Event "FIDE Grand Swiss (Women)"]
[Site "Douglas"]
[Date "2023.10.26"]
[Round "2"]
[White "Aulia, Medina Warda"]
[Black "Vantika, Agrawal"]
[Result "1-0"]
[WhiteElo "2362"]
[BlackElo "2435"]
[PlyCount "131"]
[EventDate "2023.10.25"]
[EventType "swiss"]
[EventRounds "11"]
[EventCountry "IOM"]
[SourceTitle "Mega2024 Update 01"]
[Source "Chessbase"]
[SourceDate "2023.11.12"]
[SourceVersion "1"]
[SourceVersionDate "2023.11.12"]
[SourceQuality "1"]

1. e4 c5 2. Nf3 d6 3. d4 cxd4 4. Nxd4 Nf6 5. Nc3 a6 6. Be3 e5 7. Nf3 Be7 8. Bc4 Be6 9. Bb3 Nbd7 10. 0-0 Rc8 11. Re1 Qc7 12. h3 b5 13. Ng5 Bc4 14. f4 0-0 15. Nf3 Rfe8 16. a3 Qb7 17. Nd2 exf4 18. Bxf4 Ne5 19. Nf3 Ng6 20. Bg3 Bf8 21. Nd2 Ne5 22. Nf3 Ng6 23. Nd2 h6 24. Kh1 Re6 25. Bxc4 bxc4 26. Rb1 Qc6 27. Qf3 Ne5 28. Qf2 Rce8 29. Qd4 Nfd7 30. Nd5 g6 31. Qf2 Bg7 32. Rf1 Nf6 33. Bxe5 dxe5 34. Qa7 Rd6 35. Rbd1 Nd7 36. Nb1 Bf8 37. Nbc3 Kg7 38. Rf3 Qc5 39. Qxc5 Nxc5 40. Rdf1 f5 41. exf5 e4 42. Rg3 Rb8 43. Ne3 g5 44. Nxc4 Rd4 45. b3 Be7 46. Re3 Bf6 47. Ne2 Rdd8 48. b4 Na4 49. Rxe4 Re8 50. Ng3 Rxe4 51. Nxe4 Rd8 52. Ncd6 Be5 53. f6+ Kf8 54. Nf5 Nc3 55. Nc5 Kf7 56. Nxh6+ Kg6 57. f7 Ne2 58. f8Q Ng3+ 59. Kg1 Ne2+ 60. Kf2 Rxf8+ 61. Kxe2 Rxf1 62. Kxf1 Kxh6 63. Nxa6 Kg6 64. b5 Bd4 65. c4 Kf5 66. c5 1-0

[Event "Asian Games tt (Women)"]
[Site "Hangzhou"]
[Date "2023.10.03"]
[Round "5.10"]
[White "Vo, Thi Kim Phung"]
[Black "Aulia, Medina Warda"]
[Result "1/2-1/2"]
[WhiteElo "2348"]
[BlackElo "2373"]
[PlyCount "108"]
[EventDate "2023.09.29"]
[EventType "team-tourn"]
[EventRounds "9"]
[EventCountry "CHN"]
[SourceTitle "EXT 2024"]
[Source "ChessBase"]
[SourceDate "2023.10.10"]
[SourceVersion "1"]
[SourceVersionDate "2023.10.10"]
[SourceQuality "1"]
[WhiteTeam "Vietnam (W)"]
[BlackTeam "Indonesia (W)"]
[WhiteTeamCountry "VIE"]
[BlackTeamCountry "INA"]

1. d4 d5 2. c4 e6 3. Nc3 c5 4. cxd5 exd5 5. e3 Nf6 6. Nf3 a6 7. dxc5 Bxc5 8. Bd3 Nc6 9. 0-0 0-0 10. h3 Ba7 11. a3 h6 12. e4 dxe4 13. Nxe4 Nxe4 14. Bxe4 Qf6 15. Qc2 Be6 16. Bd2 Nd4 17. Nxd4 Bxd4 18. Bc3 Bxc3 19. Qxc3 Qxc3 20. bxc3 Rab8 21. Rfb1 b5 22. a4 Rfc8 23. axb5 axb5 24. Ra5 Rxc3 25. Raxb5 Rxb5 26. Rxb5 g5 27. Kh2 Kg7 28. f3 Ra3 29. Rc5 Ra2 30. Kg3 Rb2 31. Bc2 Rb4 32. Bd3 Rd4 33. Be4 Rb4 34. Kf2 Rb2+ 35. Kg1 Rd2 36. Kh2 Rb2 37. Kg3 Rb4 38. Ra5 Rd4 39. Rb5 Ra4 40. Bc2 Rd4 41. Be4 Ra4 42. Re5 Kf6 43. Rb5 Kg7 44. Rc5 Rb4 45. Kh2 Rd4 46. Rb5 Ra4 47. h4 gxh4 48. Bf5 Bxf5 49. Rxf5 Kg6 50. Rc5 f5 51. Rc8 Rb4 52. Rg8+ Kf6 53. Rf8+ Kg6 54. Rg8+ Kf6 1/2-1/2

[Event "Asian Games tt (Women)"]
[Site "Hangzhou"]
[Date "2023.09.30"]
[Round "2.6"]
[White "Kamalidenova, Meruert"]
[Black "Aulia, Medina Warda"]
[Result "0-1"]
[WhiteElo "2351"]
[BlackElo "2373"]
[PlyCount "150"]
[EventDate "2023.09.29"]
[EventType "team-tourn"]
[EventRounds "9"]
[EventCountry "CHN"]
[SourceTitle "EXT 2024"]
[Source "ChessBase"]
[SourceDate "2023.10.10"]
[SourceVersion "1"]
[SourceVersionDate "2023.10.10"]
[SourceQuality "1"]
[WhiteTeam "Kazakhstan (W)"]
[BlackTeam "Indonesia (W)"]
[WhiteTeamCountry "KAZ"]
[BlackTeamCountry "INA"]

1. e4 e6 2. d4 d5 3. Nc3 Bb4 4. Qd3 Ne7 5. Nge2 b6 6. a3 Ba6 7. Qf3 Bxc3+ 8. Nxc3 Bxf1 9. Kxf1 0-0 10. Be3 Nbc6 11. Rd1 Qd7 12. h4 dxe4 13. Nxe4 f5 14. Ng5 Nd5 15. Nh3 Rae8 16. g3 e5 17. dxe5 Nxe3+ 18. fxe3 Qe6 19. Nf4 Qc4+ 20. Kg2 Nxe5 21. Qd5+ Qxd5+ 22. Nxd5 c6 23. Nf4 Nc4 24. Kf2 Nxe3 25. Rd6 c5 26. c3 Ng4+ 27. Kf3 Re3+ 28. Kg2 Nf6 29. Rhd1 c4 30. Kf2 Rfe8 31. Rc6 Ng4+ 32. Kg2 Rxc3 33. bxc3 Ne3+ 34. Kf3 Nxd1 35. Nd5 Kf8 36. Rxc4 Rd8 37. Nf4 Rd2 38. Rc8+ Ke7 39. g4 fxg4+ 40. Kxg4 Rd7 41. Kf3 Nb2 42. Ke4 Kd6 43. Rh8 Re7+ 44. Kd4 g6 45. Nd5 Rf7 46. Rd8+ Kc6 47. Ke5 Rf5+ 48. Ke6 Rh5 49. Rc8+ Kb5 50. c4+ Ka4 51. Rc7 Kb3 52. Nf6 Rxh4 53. Rxa7 Nxc4 54. Nxh7 Nxa3 55. Rb7 b5 56. Nf6 Rh1 57. Nd5 Rg1 58. Rg7 Nc2 59. Kf6 Rd1 60. Ke5 Re1+ 61. Kf6 Kc4 62. Nb6+ Kc5 63. Nc8 Rf1+ 64. Ke5 Nd4 65. Rxg6 Re1+ 66. Kf4 b4 67. Rg5+ Kc6 68. Rg2 b3 69. Rd2 Kc5 70. Na7 Re8 71. Rh2 Kc4 72. Rh7 b2 73. Rc7+ Kb3 74. Nc8 b1Q 75. Rb7+ Kc2 0-1

[Event "Budapest FS09 GM"]
[Site "Budapest"]
[Date "2023.09.09"]
[Round "7"]
[White "Aulia, Medina Warda"]
[Black "Aczel, Gergely"]
[Result "0-1"]
[WhiteElo "2373"]
[BlackElo "2486"]
[PlyCount "56"]
[EventDate "2023.09.02"]
[EventType "tourn"]
[EventRounds "9"]
[EventCountry "HUN"]
[EventCategory "6"]
[SourceTitle "EXT 2024"]
[Source "ChessBase"]
[SourceDate "2023.10.10"]
[SourceVersion "1"]
[SourceVersionDate "2023.10.10"]
[SourceQuality "1"]

1. e4 c6 2. Nf3 d5 3. d3 Qc7 4. h3 e5 5. Nc3 Nf6 6. a3 Nbd7 7. g3 g6 8. Bg2 Bg7 9. 0-0 0-0 10. b4 Re8 11. Nh2 Nb6 12. Ng4 Nxg4 13. hxg4 d4 14. Nb1 c5 15. bxc5 Qxc5 16. a4 Bd7 17. a5 Na4 18. Bd2 Rac8 19. Ra2 Qc6 20. f4 Be6 21. Ra3 Nb2 22. Qf3 Qxc2 23. f5 Bb3 24. Bb4 Nxd3 25. g5 Bc4 26. Bd6 Rc6 27. f6 Rxd6 28. fxg7 Nc1 0-1

[Event "Budapest FS09 GM"]
[Site "Budapest"]
[Date "2023.09.04"]
[Round "3"]
[White "Mirzoev, Azer"]
[Black "Aulia, Medina Warda"]
[Result "1-0"]
[WhiteElo "2418"]
[BlackElo "2373"]
[PlyCount "122"]
[EventDate "2023.09.02"]
[EventType "tourn"]
[EventRounds "9"]
[EventCountry "HUN"]
[EventCategory "6"]
[SourceTitle "EXT 2024"]
[Source "ChessBase"]
[SourceDate "2023.10.10"]
[SourceVersion "1"]
[SourceVersionDate "2023.10.10"]
[SourceQuality "1"]

1. d4 d5 2. Nf3 Nf6 3. c4 e6 4. e3 c5 5. cxd5 exd5 6. Bb5+ Bd7 7. Bxd7+ Nbxd7 8. dxc5 Bxc5 9. 0-0 0-0 10. b3 a5 11. Nc3 Ra6 12. Bb2 Rd6 13. Nb5 Rb6 14. a4 Re8 15. Rc1 Rc6 16. h3 Bb4 17. Nbd4 Ra6 18. Nf5 Bf8 19. Re1 Nc5 20. N3d4 Nfe4 21. f3 Ng5 22. Re2 Rg6 23. Kh1 Nge6 24. Nxe6 fxe6 25. Ba3 b6 26. Nd4 e5 27. Bxc5 Bxc5 28. Nb5 d4 29. e4 d3 30. Ra2 Bb4 31. Rc4 Rf8 32. Nc3 Bc5 33. Nd5 Qh4 34. Rxc5 bxc5 35. Qxd3 h6 36. Re2 Kh7 37. Qe3 Rg3 38. Rf2 Re8 39. Nb6 Re6 40. Nc4 Ra6 41. Qe2 Qf4 42. Qf1 Rf6 43. Re2 Rf8 44. Ne3 Rb8 45. Nd5 Qf8 46. Re3 c4 47. Qxc4 Rc8 48. Qe2 Rc1+ 49. Kh2 Rg6 50. Rd3 Qc5 51. Ne3 Rd6 52. Rxd6 Qxd6 53. Nd5 Qc5 54. Qe3 Qc2 55. f4 Rf1 56. f5 Qd1 57. f6 Qd4 58. fxg7 Kxg7 59. Qe2 Qd1 60. Qe3 Rh1+ 61. Kg3 Qe1+ 1-0

[Event "FIDE World Cup (Women)"]
[Site "Baku"]
[Date "2023.08.11"]
[Round "4.3"]
[White "Aulia, Medina Warda"]
[Black "Salimova, Nurgyul"]
[Result "1/2-1/2"]
[WhiteElo "2355"]
[BlackElo "2409"]
[PlyCount "127"]
[EventDate "2023.07.30"]
[EventType "k.o."]
[EventRounds "7"]
[EventCountry "AZE"]
[SourceTitle "EXT 2024"]
[Source "ChessBase"]
[SourceDate "2023.10.10"]
[SourceVersion "1"]
[SourceVersionDate "2023.10.10"]
[SourceQuality "1"]

1. e4 c6 2. d4 d5 3. Nd2 dxe4 4. Nxe4 Nf6 5. Nxf6+ exf6 6. Be3 Bd6 7. Bd3 Nd7 8. Ne2 f5 9. 0-0 Nf6 10. h3 0-0 11. c4 Re8 12. Nc3 f4 13. Bd2 Bc7 14. Qf3 g5 15. Ne4 Nxe4 16. Bxe4 f5 17. Bc2 g4 18. hxg4 fxg4 19. Qd3 Qh4 20. Bxf4 Bxf4 21. g3 Bf5 22. Qxf5 Bxg3 23. Qxh7+ Qxh7 24. Bxh7+ Kxh7 25. fxg3 Re2 26. Rf2 Rxf2 27. Kxf2 Rf8+ 28. Kg2 Re8 29. Rf1 Kg6 30. Rf2 Re4 31. Rd2 Kf7 32. Kf2 c5 33. dxc5 Rxc4 34. Rd7+ Ke6 35. Rxb7 Rxc5 36. Ke3 a5 37. a4 Rf5 38. Rb6+ Kd7 39. Kd4 Rf3 40. Rg6 Rxg3 41. Kc4 Kc7 42. Kb5 Rb3+ 43. Kxa5 Rxb2 44. Rxg4 Rb1 45. Rg7+ Kb8 46. Ka6 Rb2 47. a5 Rb1 48. Rg8+ Kc7 49. Ka7 Rb7+ 50. Ka8 Rb5 51. a6 Rb1 52. a7 Rb2 53. Rb8 Rc2 54. Rh8 Rb2 55. Rh7+ Kc8 56. Rh8+ Kc7 57. Rg8 Rb1 58. Rb8 Rc1 59. Rb2 Kc8 60. Rb3 Kc7 61. Rg3 Kc8 62. Rg2 Kc7 63. Rg3 Kc8 64. Rg2 1/2-1/2

[Event "Olympiad Women-44"]
[Site "Chennai"]
[Date "2022.07.29"]
[Round "1.2"]
[White "Garcia, Andrea Nicole"]
[Black "Aulia, Medina Warda"]
[Result "0-1"]
[WhiteElo "1631"]
[BlackElo "2374"]
[PlyCount "60"]
[EventDate "2022.07.29"]
[EventType "team-swiss"]
[EventRounds "11"]
[EventCountry "IND"]
[SourceTitle "CBM 210"]
[Source "ChessBase"]
[SourceDate "2022.10.31"]
[SourceVersion "1"]
[SourceVersionDate "2022.10.31"]
[SourceQuality "1"]
[WhiteTeam "Honduras (W)"]
[BlackTeam "Indonesia (W)"]
[WhiteTeamCountry "HON"]
[BlackTeamCountry "INA"]

1. e4 e5 2. Nf3 Nc6 3. Bb5 g6 4. c3 a6 5. Ba4 Bg7 6. 0-0 Nge7 7. d3 0-0 8. Re1 b5 9. Bb3 d6 10. Nbd2 Na5 11. Bc2 c5 12. Nf1 Nac6 13. Be3 h6 14. h3 f5 15. N3h2 f4 16. Bc1 Kh8 17. Qf3 Bd7 18. g4 Ng8 19. Qg2 Nf6 20. g5 Nh7 21. gxh6 Bxh6 22. Bd1 b4 23. Bg4 Ra7 24. Bxd7 Rxd7 25. Ng4 f3 26. Qg3 Bf4 27. Bxf4 exf4 28. Qxf3 Ng5 29. Qg2 Rh7 30. Nd2 f3 0-1

[Event "SEA Blitz (Women) 31st"]
[Site "Ha Long"]
[Date "2022.05.20"]
[Round "5.3"]
[White "Gong, Qianyun"]
[Black "Aulia, Medina Warda"]
[Result "1-0"]
[WhiteElo "2348"]
[BlackElo "2374"]
[PlyCount "84"]
[EventDate "2022.05.20"]
[EventType "swiss (blitz)"]
[EventRounds "5"]
[EventCountry "VIE"]
[SourceTitle "CBM 208 Extra"]
[Source "ChessBase"]
[SourceDate "2022.07.31"]
[SourceVersion "1"]
[SourceVersionDate "2022.07.31"]
[SourceQuality "1"]

1. e4 e6 2. d4 d5 3. e5 c5 4. c3 Nc6 5. Nf3 Bd7 6. Be2 Qb6 7. 0-0 f6 8. dxc5 Bxc5 9. b4 Bf8 10. Bf4 g5 11. Bg3 g4 12. Nh4 f5 13. h3 h5 14. Ng6 Rh7 15. Nxf8 Kxf8 16. h4 Nge7 17. Qd2 Kf7 18. Kh2 Rg8 19. f4 gxf3 20. Bxf3 Ng6 21. Bxd5 exd5 22. Qxd5+ Be6 23. Rxf5+ Ke7 24. Qd6+ Ke8 25. Qxe6+ Nge7 26. Nd2 Rhg7 27. Ne4 Kd8 28. Rd1+ Kc7 29. Qd6+ Kc8 30. Qd7+ Kb8 31. Rg5 Rxg5 32. hxg5 a6 33. Qd6+ Ka8 34. Qc5 Qc7 35. e6 Qc8 36. Rd6 h4 37. Bf4 Rf8 38. Nf6 Rh8 39. Be3 h3 40. gxh3 Qb8 41. Bf4 Qc8 42. Nd7 Qg8 1-0

[Event "Online Olym Div2 A"]
[Site "Chess.com INT"]
[Date "2021.09.02"]
[Round "3.4"]
[White "Xu, Tong"]
[Black "Aulia, Medina Warda"]
[Result "0-1"]
[WhiteElo "2111"]
[BlackElo "2367"]
[PlyCount "104"]
[EventDate "2021.09.02"]
[EventType "team (rapid)"]
[EventRounds "9"]
[EventCountry "USA"]
[SourceTitle "CBM 204 Extra"]
[Source "ChessBase"]
[SourceDate "2021.11.30"]
[SourceVersion "1"]
[SourceVersionDate "2021.11.30"]
[SourceQuality "1"]
[WhiteTeam "Shenzhen China"]
[BlackTeam "Indonesia"]
[WhiteTeamCountry "CHN"]
[BlackTeamCountry "INA"]

1. e4 e6 2. d4 d5 3. exd5 exd5 4. Bd3 Bd6 5. h3 Nc6 6. Nf3 Nge7 7. c3 f6 8. 0-0 Be6 9. Re1 Qd7 10. Qe2 Bf7 11. b4 0-0-0 12. Qc2 Bg6 13. Nbd2 Bxd3 14. Qxd3 Qf5 15. Qxf5+ Nxf5 16. Nb3 b6 17. a4 h5 18. a5 Kd7 19. Bd2 Rdg8 20. axb6 axb6 21. g3 g5 22. Nh2 h4 23. g4 Ng7 24. Nf1 Ne6 25. Nc1 Bf4 26. Nd3 Bxd2 27. Nxd2 Ra8 28. Nb3 Ne7 29. Kh2 Ng6 30. b5 Nef4 31. Nb4 Rxa1 32. Nxa1 Ra8 33. Nac2 Ra5 34. Ne3 Ne7 35. Rb1 Rxb5 36. Ra1 Ra5 37. Rc1 c5 38. Nbc2 Ra2 39. Rb1 Kc7 40. Rb5 Kc6 41. Rb1 Ra8 42. Rd1 Ne2 43. c4 Nxd4 44. Nxd4+ cxd4 45. Rxd4 Kc5 46. Rd1 d4 47. Nc2 Nc6 48. Rb1 Ra2 49. Ne1 Rxf2+ 50. Kg1 Ra2 51. Rc1 Ne5 52. Rb1 d3 0-1

[Event "Asian Online (Women)"]
[Site "Tornelo INT"]
[Date "2021.08.25"]
[Round "8"]
[White "Yuan, Ye"]
[Black "Aulia, Medina Warda"]
[Result "1-0"]
[WhiteElo "2108"]
[BlackElo "2360"]
[PlyCount "153"]
[EventDate "2021.08.23"]
[EventType "swiss (rapid)"]
[EventRounds "9"]
[EventCountry "NET"]
[SourceTitle "CBM 204 Extra"]
[Source "ChessBase"]
[SourceDate "2021.11.30"]
[SourceVersion "1"]
[SourceVersionDate "2021.11.30"]
[SourceQuality "1"]

1. d4 e6 2. c4 Nf6 3. Nc3 d5 4. cxd5 exd5 5. Bg5 Be7 6. e3 h6 7. Bh4 0-0 8. Bd3 c5 9. Nf3 c4 10. Bc2 Nc6 11. Rc1 a6 12. 0-0 Bg4 13. h3 Bh5 14. Bf5 Bg6 15. Bxg6 fxg6 16. Ne5 g5 17. Bg3 Rc8 18. h4 Nh7 19. hxg5 Nxg5 20. f4 Nf7 21. Ng6 Re8 22. Qf3 Nb4 23. a3 Nd3 24. Nxd5 Bd6 25. Rc2 b5 26. Bh4 Qd7 27. Nb6 Qf5 28. Nxc8 Rxc8 29. Qh3 Qxh3 30. gxh3 Re8 31. Ne5 Nfxe5 32. fxe5 Bf8 33. Rg2 g5 34. Be1 Be7 35. Bc3 Bd8 36. Rf5 a5 37. d5 Kg7 38. Bd4 Kg6 39. e4 Kh5 40. Rh2 Nf4 41. h4 Kg4 42. Be3 Kf3 43. Bxf4 gxf4 44. Rf2+ Kxe4 45. R2xf4+ Kxd5 46. e6+ Kc6 47. Re4 Be7 48. Kf1 Rg8 49. Rf7 Kd6 50. Rh7 Kd5 51. Re2 Bxh4 52. Rxh6 Be7 53. Rh7 Re8 54. Rh5+ Kc6 55. a4 b4 56. Rxa5 Rf8+ 57. Kg2 Kd6 58. Ra6+ Kd5 59. Ra7 Bc5 60. Rd7+ Kc6 61. a5 Ra8 62. Rf7 c3 63. bxc3 bxc3 64. e7 Re8 65. a6 Kb6 66. Rf6+ Kc7 67. Rf3 Bb4 68. a7 Kb7 69. Rd3 Kxa7 70. Rd8 Rxe7 71. Rxe7+ Bxe7 72. Rd7+ Kb6 73. Rxe7 c2 74. Re1 Kc5 75. Kf2 Kd4 76. Ke2 Kc3 77. Rc1 1-0

[Event "Asian Online (Women)"]
[Site "Tornelo INT"]
[Date "2021.08.23"]
[Round "1"]
[White "Aulia, Medina Warda"]
[Black "Priyanka, Nutakki"]
[Result "0-1"]
[WhiteElo "2360"]
[BlackElo "2263"]
[PlyCount "84"]
[EventDate "2021.08.23"]
[EventType "swiss (rapid)"]
[EventRounds "9"]
[EventCountry "NET"]
[SourceTitle "CBM 204 Extra"]
[Source "ChessBase"]
[SourceDate "2021.11.30"]
[SourceVersion "1"]
[SourceVersionDate "2021.11.30"]
[SourceQuality "1"]

1. e4 e6 2. d4 d5 3. Nd2 c5 4. exd5 Qxd5 5. Ngf3 cxd4 6. Bc4 Qd6 7. 0-0 Nf6 8. Nb3 Nc6 9. Nbxd4 Nxd4 10. Nxd4 Be7 11. Bb3 0-0 12. c4 a6 13. h3 Qc7 14. Qe2 Rd8 15. Nf3 b6 16. Ne5 Bb7 17. Bg5 h6 18. Bh4 Rd4 19. Bg3 Re4 20. Qf3 Bd6 21. Nd3 Rd8 22. Rad1 Rd4 23. Bxd6 R8xd6 24. Qe2 Qd8 25. c5 Rd7 26. Ne5 Re4 27. Rxd7 Nxd7 28. Qd2 Rxe5 29. Rd1 Bd5 30. Qc3 bxc5 31. f4 Rf5 32. g4 Rxf4 33. Bxd5 exd5 34. Rxd5 Qe7 35. Qd2 Rd4 36. Rxd4 cxd4 37. Qxd4 Qc5 38. Qxc5 Nxc5 39. b4 Nd3 40. a3 f6 41. Kf1 Kf7 42. Ke2 Ne5 0-1